| 000 | 00586nam a2200205Ia 4500 | ||
|---|---|---|---|
| 005 | 20250507130440.0 | ||
| 008 | 008 250505s9999 xx 000 0 eng d | ||
| 020 | _a9780415575874 | ||
| 037 | _aAnnuals, Advances | ||
| 040 |
_aEASL _beng _cEASL |
||
| 041 |
_aeng _2eng |
||
| 084 |
_aX: [W].4951, Q0 _qEASL |
||
| 100 |
_aKyung -Sup Chang _9675537 |
||
| 245 | 0 | _aSouth Korea under compressed modernity | |
| 260 |
_aUSA _bNew York Routledge USA _c2010 |
||
| 300 | _a190 | ||
| 650 | _aKEL | ||
| 942 |
_cTEXL _hX: [W].4951, Q0 |
||
| 999 |
_c1320243 _d1320243 |
||